000 00573nam a2200241Ia 4500
003 0100
008 130227s9999 xx 000 0 und d
020 _a0710087497
040 _cARRUPELIB
050 _aQ175.L267 1977
100 _aLaudan, Larry
245 _aProgress and its problems
245 _bTowards a theory of scientific growth
260 _aLondon
260 _bRoutledge & Kegan Paul
260 _C1977
300 _ax
300 _b 257p 21cm
650 _bJesuits
650 _cReligious life
650 _dCatholic Church
942 _2lcc
_03
999 _c5195
_d5195